Účtovné zobrazenie zmien právnych foriem obchodných spoločností diplomová práca

Gespeichert in:
Bibliographische Detailangaben
1. Verfasser: Vranáková, Dana
Körperschaft: Fakulta hospodárskej informatiky EU. Katedra účtovníctva a audítorstva
Weitere Verfasser: Máziková, Katarína
Format: Buch
Sprache:Slowakisch
Veröffentlicht: Bratislava 2009
Tags: Tag hinzufügen
Keine Tags, Fügen Sie das erste Tag hinzu!

MARC

LEADER 00000nam$a2200000$$$4500
001 0097842
005 20240318135002.3
041 0 |a slo 
044 |a SK 
245 1 0 |a Účtovné zobrazenie zmien právnych foriem obchodných spoločností  |b diplomová práca  |c Dana Vranáková ; škol. Katarína Máziková 
264 1 |a Bratislava  |c 2009 
300 |a 68 s. 
100 1 |a Vranáková, Dana 
700 1 |a Máziková, Katarína 
710 2 |a Fakulta hospodárskej informatiky EU. Katedra účtovníctva a audítorstva